000 01956nam a2200385 4500
001 216
003 OSt
005 20250528074015.0
008 250203b |||||||g |||| 00| 1 eng d
020 _a9788508067695
040 _bpor
041 _heng
_apor
082 _a823
_bD754s
100 1 _aDoyle, Arthur Conan,
_d1859-1930
_9388
240 _aA study in scarlet, The sign of four, The adventures of Sherlock Holmes
245 _aSherlock Holmes, Volume I /
_cDoyle, Arthur Conan ; Tradução de Louise Ibañez, Branca de Villa-Flor e Edna Jansen de Mello
260 _aRio de Janeiro
_bEdiouro
_c2002
300 _a447 p.
490 1 _aObra completa / Sherlock Holmes
_vvol. 01
520 _aNeste volume: Um Estudo em Vermelho, O Sinal dos Quatro e As Aventuras de Sherlock Holmes (contos). Os fatos são contundentes. O povo tomou conta de Holmes. Chegou a crer na sua existência. Nenhum personagem de ficção tem no mundo mais vasta bibliografia, com toda uma gama de estudos, dos mais ingênuos aos mais eruditos; ninguém, fictício ou real, foi alvo de tantas representações teatrais, cinematográficas, em histórias em quadrinhos, em palavras cruzadas, em seriados de TV; ninguém multiplicou um gênero (literatura policial) em proporções de tiragens tão astronômicas. Os "holmistas" existiram desde a primeira hora e continuam surgindo no fluir das gerações. Holmes não tem leitores, tem devotos.
650 0 _aLiteratura Inglesa
_989
650 0 _aCrime e Investigação
_913
650 0 _aRomance Policial
_911
650 0 _aSuspense
_910
650 0 _aMistério
_942
650 0 _aClássicos
_977
650 0 _aFilme
_926
655 0 _aRomance
_923
655 0 _aFicção
_922
700 _aLouise Ibañez
_eTradutor
_9398
700 _aBranca de Villa-Flor
_eTradutor
_9399
700 _aEdna Jansen de Mello
_eTradutor
_9269
830 _aObra completa / Sherlock Holmes
_vvol. 01
_9400
942 _2ddc
_n0
_cBK
999 _c216
_d216